000 00196 a2200097 4500
020 _a9780763626303
041 _aeng
100 _aWojciechowski,Susan
245 _aBeany and the Meany
942 _cBK
999 _c31687
_d31685